| 000 | 00340nam a2200097Ia 4500 | ||
|---|---|---|---|
| 008 | 180130s9999 xx 000 0 und d | ||
| 245 |
_cConnell-Carrick, Kelli _aChild abuse and neglect |
||
| 260 | _c2014 | ||
| 300 | _aBook title: Blackwell handbook of infant development--Acession number C19029; pages 819-845 | ||
| 650 | _aINFANTS--DEVELOPMENT | ||
| 999 |
_c354049 _d354049 |
||